| 000 | 00394 a2200145 4500 | ||
|---|---|---|---|
| 003 | OSt | ||
| 005 | 20180116182652.0 | ||
| 008 | 160426b xxu||||| |||| 00| 0 eng d | ||
| 040 | _c0 | ||
| 100 | _aZ. H. ZAIDI | ||
| 245 | _aJINNAH PAPERS PAKISTAN: BATTLING AGAINST ODDS 1 OCT-31 DEC 1947 | ||
| 250 | _aVOLUME 6 | ||
| 260 |
_aGOVERNMENT OF PAKISTAN _c1996. |
||
| 942 |
_aNBS _cBK _k954.035 ZAI _2ddc |
||
| 999 |
_c343714 _d343714 |
||